Регионална библиотека "Любен Каравелов" - Русе

Какво казват мъжете, какво чуват жените (Запис номер 125941)

MARC детайли
000 -Лидер
Контролно поле с фиксирана дължина 01934nam a2200421 c 4500
003 - Код на организацията, давaща контролен номер
Контролно поле BLK
005 - Дата и час на последна редакция
Контролно поле 20240803114238.0
008 - Елементи от данни с фиксирана дължина
fixed length control field 180409b bul|||||r ||||||| ||bul||
010 ## - Наследен системен номер
LC control number KNG00131620000
020 ## - Международен стандартен номер на книга ISBN
Международен стандартен номер на книга ISBN 978-954-8186-40-7
-- издат.: Санома Блясък България
040 ## - Източник на каталожния запис
Идентификатор на билиотеката - собственик на записа BLK
041 ## - Код за език
Код за езика на текст/звукозапис или на отделно заглавие Български
Код за езика КДБФ Български
072 #7 - Код за тематичната категория
Код организация bullib
Код за тематична категория Н15
Текст Психология Н
080 ## - УДК
Текстов определител УДК Психология на пола
УДК код - определител по УДК 159.922.1
УДК определител -055.1(02.062)
УДК - код + определител 159.922.1-055.1(02.062)
080 ## - УДК
Текстов определител УДК Психология на пола
УДК код - определител по УДК 159.922.1
УДК определител -055.2(02.062)
УДК - код + определител 159.922.1-055.2(02.062)
100 1# - Редна дума - Автор
Автор Пападопулос, Линда
Авторска отговорност първи автор
R(LIN) 299507
139 ## - Редно поле
Редна дума Пападопулос, Линда
Авторски знак Пап - П 21
245 10 - Сведения за заглавието
Заглавие Какво казват мъжете, какво чуват жените
Подзаглавни данни Тайните на свободното общуване
Редно поле (дума) Линда Пападопулос; прев. Милена Христова.
257 ## - Страна на издаване
Страна на създаване/издаване Великобритания
260 ## - Област на издателските данни
-- София
Име на издателя, разпространителя и проч. Санома Блясък България
Година на издаване 2010
Печатница София : Инвестпрес
300 ## - Физическа характеристика
Страници 176 с.
Размери/Мащаб 20 см
380 ## - Жанр
Жанр Философия
490 1# - СЕРИИ (Колекции)
Име на серия Колекция Cosmopolitan
500 ## - Общи забележки
Забележка Ориг. загл. What Men Say, What Women Hear / Linda Papadopoulos. - Кн. се разпространява със сп. Cosmopolitan.
650 #4 - Допълнително описание по предмет – тема
Основно описание – тема или топоним Мъже - психология и поведение
9 (RLIN) 243392
650 #4 - Допълнително описание по предмет – тема
Основно описание – тема или топоним Жени - психология и поведение
9 (RLIN) 243391
653 ## - Ключова дума – ненормативна
Ключова дума мъже
653 ## - Ключова дума – ненормативна
Ключова дума жени
653 ## - Ключова дума – ненормативна
Ключова дума психология на личността
659 ## - Тематичен бюлетин
Тематичен бюлетин Н
700 1# - Други автори (авторска отговорност)
Лично име Христова, Милена
Автороска отговорност (Описва отношението между автора и произведението) прев.
9 (RLIN) 365181
852 ## - Местоположение
Форматна сигнатура Цб 255546
856 4# - Електронен адрес и достъп
Електронен формат pdf - файл
Път до файла /url/
856 4# - Електронен адрес и достъп
Електронен формат pdf - файл
Път до файла /url/
942 ## - АРТИКУЛИ
Вид на библиотечния материал Книги
Скрит в OPAC Не
Koha issues (borrowed), all copies 9
944 ## - СЪЗДАВАНЕ И РЕДАКЦИЯ на ЗАПИСА
Създаване/Редакция Създаване
Дата на регистрацията/редакция 25.06.2012
Статус, дата на статуса Моника Янева
Служител, извършил регистрацията/редакцията 30570
944 ## - СЪЗДАВАНЕ И РЕДАКЦИЯ на ЗАПИСА
Създаване/Редакция Редакция
Дата на регистрацията/редакция 13.11.2014
Статус, дата на статуса ф /
Служител, извършил регистрацията/редакцията Людмила_Стоянова
999 ## - СИСТЕМНИ КОНТРОЛНИ НОМЕРА
Koha biblionumber 125941
Koha biblioitemnumber 125941
Наличности
Код за отписване Код за изгубен артикул Код за повреда Коз за рестрикции Код за отдаване Артикулен № Име на библиотеката - собственик Име на библиотеката, в която се намира в момента Статус (Текущо местоположение) Дата на вписване в системата Местоположение - отдел Цена в лева Инвентарен номер Систематично азбучна сигнатура Баркод Номер на екземпляра Цена в евро Служебна бележка Служебен тип на артикула Източник на класификационната схема
  Не е изгубен Не е повреден без рестрикции ползва се в читалня 204911 Регионална библиотека "Любен Каравелов" Русе Регионална библиотека "Любен Каравелов" Русе Хранилище 2012-06-25 Хранилище 8.00 120000758627 Цб 255546 120000758627 1 4.09 Дост: Dp Вид: Д N: 22 Дата: 01.06.2011 Книги  
  Не е изгубен Не е повреден без рестрикции заемане за дома 204912 Регионална библиотека "Любен Каравелов" Русе Регионална библиотека "Любен Каравелов" Русе Заемна - подръчен фонд 2014-11-05 Заемна - подръчен фонд 8.00 120000781898 П 159.922.1/П 21 A 120000781898 2 4.09 Дост: DA Вид: А N: 24 Дата: 05.11.2014 Дата инв: 01.02.2018 Бележки инв: П2018 Книги Universal Decimal Classification
  Не е изгубен Не е повреден   заемане за дома 708664 Регионална библиотека "Любен Каравелов" Русе Регионална библиотека "Любен Каравелов" Русе Заемна - подръчен фонд 2019-05-20 Заемна - подръчен фонд 14.90   П 159.922.1/П 21 120000831721   7.62   Книги Universal Decimal Classification
Vip Innovations Ltd, Rousse, Bulgaria 2025